Ezra. (Record no. 11110)

MARC details
000 -LEADER
fixed length control field 01076cam a22003251 4500
001 - CONTROL NUMBER
control field 280031
003 - CONTROL NUMBER IDENTIFIER
control field GBCCL
005 - DATE AND TIME OF LATEST TRANSACTION
control field 20251211120639.0
008 - FIXED-LENGTH DATA ELEMENTS--GENERAL INFORMATION
fixed length control field 711207s1965 nyue b 000 0 eng
020 ## - INTERNATIONAL STANDARD BOOK NUMBER
International Standard Book Number 0385046952
035 ## - SYSTEM CONTROL NUMBER
System control number 280031
040 ## - CATALOGING SOURCE
Original cataloging agency DLC
Transcribing agency DLC
Modifying agency DLC
-- OCoLC
082 00 - DEWEY DECIMAL CLASSIFICATION NUMBER
Classification number 220.7
Item number ANC 1
245 00 - TITLE STATEMENT
Title Ezra.
Remainder of title Nehemiah.
Statement of responsibility, etc. Introd., translation and notes by Jacob M. Myers.
250 ## - EDITION STATEMENT
Edition statement [1st ed.]
Remainder of edition statement Ninth printing
260 ## - PUBLICATION, DISTRIBUTION, ETC.
Place of publication, distribution, etc. Garden City, N.Y.,
Name of publisher, distributor, etc. Doubleday,
Date of publication, distribution, etc. 1983, 1965.
300 ## - PHYSICAL DESCRIPTION
Extent lxxxiii, 268 p.
Other physical details plan.
Dimensions 25 cm.
336 ## - CONTENT TYPE
Content type term text
Content type code txt
Source rdacontent
337 ## - MEDIA TYPE
Media type term unmediated
Media type code n
Source rdamedia
338 ## - CARRIER TYPE
Carrier type term volume
Carrier type code nc
Source rdacarrier
490 ## - SERIES STATEMENT
Series statement The Anchor Bible,
Volume/sequential designation 14
504 ## - BIBLIOGRAPHY, ETC. NOTE
Bibliography, etc. note Bibliography: p. [lxxviii]-lxxxiii.
630 00 - SUBJECT ADDED ENTRY--UNIFORM TITLE
Uniform title Bible.
Name of part/section of a work Ezra
General subdivision Commentaries.
630 00 - SUBJECT ADDED ENTRY--UNIFORM TITLE
Uniform title Bible.
Name of part/section of a work Nehemiah
General subdivision Commentaries.
700 1# - ADDED ENTRY--PERSONAL NAME
Personal name Myers, Jacob Martin,
Dates associated with a name 1904-
Relator term editor,
-- translator.
906 ## - LOCAL DATA ELEMENT F, LDF (RLIN)
a 7
b cbc
c orignew
d u
e ocip
f 19
g y-gencatlg
942 ## - ADDED ENTRY ELEMENTS (KOHA)
Source of classification or shelving scheme Dewey Decimal Classification
Koha item type Reference Books
Suppress in OPAC No
Holdings
Withdrawn status Lost status Source of classification or shelving scheme Damaged status Not for loan Home library Current Library Shelving location Date acquired Total checkouts Full call number Barcode Date last seen Copy number Price effective from Koha item type
    Dewey Decimal Classification     GRACE BIBLE COLLEGE GRACE BIBLE COLLEGE Commentary 2025-12-11   220.7 ANC 001219 2025-12-11 v.14 2025-12-11 Reference Books
© Grace Bible College Library 2025